00350 a2200133 450000100060000002000240000604000220003010000260005224000530007824500480013130000110017936200090019065000170019963890 a8524905883 (broch.) cAnchieta - Pituba aFrigotto, Gaudêncio10aEducação e a crise do capitalismo real lpor10aEducação e a crise do capitalismo real  a231p. 0 a1995 4aEducação